|
|
|
|
| LEADER |
00000nab a2200000 a 4500 |
| 001 |
vtls009488136 |
| 003 |
SK-MaSNL |
| 005 |
20260305014246.0 |
| 008 |
090330c20090328xo drz 0 0slo |
| 038 |
|
|
|a KEVKJB
|
| 040 |
|
|
|a KEVKJB
|b slo
|c KEVKJB
|e AACR2
|
| 041 |
0 |
|
|a slo
|
| 044 |
|
|
|a xo
|c SK
|
| 080 |
|
|
|a 027.53
|2 2001
|
| 080 |
|
|
|a 77:061.4
|2 2001
|
| 245 |
0 |
0 |
|a Talentované sestry krstili knihu
|b umne skĺbili fotografiu s textom
|c [autor] (nit)
|
| 300 |
|
|
|b Fotogr.
|
| 600 |
1 |
7 |
|a Kremeňová, Ľubica,
|d 1961-
|2 kevkjb
|9 75917
|
| 600 |
1 |
7 |
|a Kašparová, Jana
|2 kevkjb
|9 369851
|
| 610 |
2 |
7 |
|a Verejná knižnica Jána Bocatia v Košiciach.
|b Fotogaléria NOVA
|2 kevkjb
|9 259984
|
| 611 |
2 |
7 |
|a Týždeň slovenských knižníc
|n (10. :
|d 2009 :
|c Košice, Slovensko)
|2 kevkjb
|9 1592270
|
| 611 |
2 |
7 |
|a Strom pre dušu
|g výstava
|d (2009 :
|c Košice, Slovensko)
|2 kevkjb
|9 1592271
|
| 651 |
|
7 |
|a Košice (Slovensko)
|2 kevkjb
|9 18694
|
| 773 |
0 |
|
|t Košický Korzár
|g Roč. XII, č. 73 (28.3.2009), s. 8
|x 1335-4566
|
| 852 |
|
|
|a KEVKJB
|b KIS3GCP
|
| 958 |
|
|
|a BX
|
| 999 |
|
|
|c 3268566
|d 3270496
|